|
|
|
|
| LEADER |
02134nam a2200469 i 4500 |
| 001 |
EBC1572184 |
| 003 |
MiAaPQ |
| 005 |
20200520144314.0 |
| 006 |
m o d | |
| 007 |
cr cnu|||||||| |
| 008 |
991005t20002000caua ob 001 0 eng|d |
| 020 |
|
|
|z 0817996621
|
| 020 |
|
|
|z 9780817996628
|
| 020 |
|
|
|a 9780817996680
|q (electronic bk.)
|
| 035 |
|
|
|a (MiAaPQ)EBC1572184
|
| 035 |
|
|
|a (Au-PeEL)EBL1572184
|
| 035 |
|
|
|a (CaPaEBR)ebr10816470
|
| 035 |
|
|
|a (CaONFJC)MIL548294
|
| 035 |
|
|
|a (OCoLC)869091948
|
| 040 |
|
|
|a MiAaPQ
|b eng
|e rda
|e pn
|c MiAaPQ
|d MiAaPQ
|
| 043 |
|
|
|a cl-----
|
| 050 |
|
4 |
|a HC125
|b .P645 2000
|
| 082 |
0 |
|
|a 338.98
|2 21
|
| 245 |
0 |
0 |
|a Political institutions and economic growth in Latin America :
|b essays in policy, history, and political economy /
|c edited by Stephen Haber.
|
| 264 |
|
1 |
|a Stanford, California :
|b Hoover Institution Press, Stanford University,
|c [2000]
|
| 264 |
|
4 |
|c 2000
|
| 300 |
|
|
|a 1 online resource (306 pages) :
|b illustrations.
|
| 336 |
|
|
|a text
|2 rdacontent
|
| 337 |
|
|
|a computer
|2 rdamedia
|
| 338 |
|
|
|a online resource
|2 rdacarrier
|
| 490 |
1 |
|
|a Hoover Institution Press publication ;
|v number 458
|
| 504 |
|
|
|a Includes bibliographical references and index.
|
| 588 |
|
|
|a Description based on print version record.
|
| 590 |
|
|
|a Electronic reproduction. Ann Arbor, MI : ProQuest, 2015. Available via World Wide Web. Access may be limited to ProQuest affiliated libraries.
|
| 651 |
|
0 |
|a Latin America
|x Economic conditions.
|
| 651 |
|
0 |
|a Latin America
|x Politics and government.
|
| 655 |
|
4 |
|a Electronic books.
|
| 700 |
1 |
|
|a Haber, Stephen H.,
|d 1957-
|
| 776 |
0 |
8 |
|i Print version:
|t Political institutions and economic growth in Latin America : essays in policy, history, and political economy.
|d Stanford, California : Hoover Institution Press, Stanford University, [2000]
|h x, 294 pages ; 23 cm.
|k Hoover Institution Press publication ; no. 458
|z 9780817996628
|w (DLC) 99050375
|
| 797 |
2 |
|
|a ProQuest (Firm)
|
| 830 |
|
0 |
|a Hoover Institution Press publication ;
|v 458.
|
| 856 |
4 |
0 |
|u https://ebookcentral.proquest.com/lib/matrademy/detail.action?docID=1572184
|z Click to View
|